| 000 | 01013cam a2200337Ma 4500 | ||
|---|---|---|---|
| 001 | 93442 | ||
| 005 | 20230410132922.0 | ||
| 008 | 960625r19779999sp 000 1 spa d | ||
| 035 | _a(OCoLC)ocn625027065 | ||
| 040 |
_aSPUDB _bspa _cSPUDB _dOCLCQ |
||
| 020 | _a8424935101 | ||
| 020 | _a9788424935108 | ||
| 035 | _a(OCoLC)625027065 | ||
| 050 | 1 | 4 |
_aB 171 _bB582 1977 |
| 100 | 1 | _aPetronio. | |
| 130 | 1 | _aBiblioteca Clásica Gredos. | |
| 245 | 1 | 3 |
_aEl satiricón / _cPetronio ; introducción, traducción y notas de Lisardo Rubio Fernández. |
| 260 |
_aMadrid : _bGredos, _c1977. |
||
| 300 |
_a226 p. ; _c20 cm. |
||
| 440 | 0 |
_aBiblioteca clásica Gredos ; _vn.10 |
|
| 504 | _aBibliografía. | ||
| 504 | _aíndices. | ||
| 650 | 0 | _aPhilosophy, Classical. | |
| 650 | 0 | _aPhilosophy, Ancient. | |
| 650 | 0 |
_aPhilosophers, Ancient _xBiography |
|
| 700 | 1 |
_aRubio Fernández, Lisardo, _etrad. |
|
| 830 | 0 |
_aBiblioteca clásica Gredos ; _v10. |
|
| 942 |
_2lcc _cbk |
||
| 946 | _amjcruz | ||
| 994 |
_aC0 _bDRFGD |
||
| 999 |
_c90178 _d90178 |
||